000 02119 a2200289 4500
003 Nust
005 20230201132044.0
010 _a 2001044112
020 _a1565846540
040 _cNust
082 0 0 _a940.5405,BAR
245 0 0 _aCrimes of war :
_bguilt and denial in the twentieth century /
_c[edited by] Omer Bartov, Atina Grossman, Mary Nolan.
260 _aNew York :
_bNew Press :
_bDistributed by W.W. Norton & Co.,
_c2002.
300 _axxxiv, 344 p. :
_bill. ;
_c22 cm.
505 _aWar and War Crimes: A Brief History (Page-1), On War Crimes (Page-8), The Wehrmacht, German Society, and the Knowledge of the Mass Extermination of the Jews (Page-17), The Wehrmacht in Serbia Revisited(Page-31), The Wehrmacht Exhibition Controversy: The Politics of Evidence (Page-41), Zloczow, July 1941: The Wehrmacht and the Beginning of the Holocaust in Galicia: From a Criticism of Photographs to a Revision of the Past (Page-61), Nazi Photographs in Post-Holocaust Art: Gender as an Idiom of Memorialization (Page-100), "During Total War, We Girls Want to Be Where We Can Really Accomplish Something": What Women Do in Wartime (Page-121), Between Amnesty and Anti-Communism: The West German Kameradenschinder Trials, 1948-1960 (Page-138), "In a Thousand Years, Every German Will Speak of This Battle": Celluloid Memories of Stalingrad (Page-161), When Memory Counts: War, Genocide, and Postwar Soviet Jewry (Page-191), "An Aptitude for Being Unloved": War and Memory in Japan (Page-217), An Incident at No Gun Ri (Page-242).
650 0 _aAtrocities
_zEurope
_xHistory
_y20th century.
_9108384
650 0 _aAtrocities
_zJapan
_xHistory
_y20th century.
_9108385
650 0 _aHolocaust, Jewish (1939-1945)
_9108387
650 0 _aPrisoners of war
_xHistory
_y20th century.
_9108388
650 0 _aWar crimes
_xHistory
_y20th century.
_9108389
650 0 _aWar
_xMoral and ethical aspects.
_937138
700 1 _aBartov, Omer.
_9108390
700 1 _aGrossmann, Atina.
_9108391
700 1 _aNolan, Mary,
_d1944-
_9108392
856 4 1 _3Table of contents
_uhttp://www.loc.gov/catdir/toc/fy035/2001044112.html
942 _2ddc
_cBK
999 _c187171
_d187171